| 000 | 00000nam##2200000za#4500 |
| 001 | 9.518407 |
| 003 | CaOODSP |
| 005 | 20200325143831 |
| 007 | ta |
| 008 | 150406|1991||||xxc||||| f|0| 0 fre|d |
| 040 | |aCaOODSP|bfre |
| 041 | |aeng |
| 041 | |afre |
| 043 | |an-cn--- |
| 086 | 1 |aYX3-1991/7 |
| 110 | 1 |aCanada.|bStatuts. |
| 245 | 10|aLoi sur l'Institut canadien des langues patrimoniales : |b(Loi constituant l'Institut canadien des langues patrimoniales.) |
| 246 | 1 |iTitre abrégé : |aLois du Canada |
| 260 | |aOttawa - Ontario : |bStatuts |cSanctionnée le 1er février 1991. |
| 300 | |a9p. ; |c27 cm. |
| 490 | 1 |aLois du Parlement du Canada, 1991|v7 |
| 546 | |aBilingue |
| 590 | |a91-11|b1991-03-15 |
| 791 | |tCanadian Heritage Languages Institute Act : |eeng|w(CaOODSP)9.518406 |
| 830 | #0|aLois du Parlement du Canada, 1991 ;|v7|w(CaOODSP)9.509721 |